Follow That Line: Seinfeld II Quiz Stats

 Plays Quiz Updated Nov 8, 2017

Score 0/30 Timer 08:00
0 Plays Today
% Correct
You don't stare at it. It's too risky. You get a sense of it and then you look away.
92.4%
But it'll always be Burma to me.
92%
Faster than a speeding bullet, Lois.
91%
Rugged? The man’s a goblin. He's only been exposed to smoke for four days!
90.1%
That is one magic loogie.
89.9%
She's been passing those bum checks all over town and she finally pissed off the wrong people!
89.8%
Not that there's anything wrong with that.
89.6%
Believe it or not, I'm not home.
89%
It's a game of world domination being played by two guys who can barely run their own lives.
87%
Yeah, then maybe baldness will catch on.
85.6%
I think the hats.
85.1%
Like an old man trying to send back soup at a deli!
84.1%
Oh, Elaine, the toll road of denial is a long and dangerous one. The price? Your soul.
84%
You somehow manage to drain a little more out of the pool.
83.3%
His wife is in a coma.
82.3%
% Correct
I know. I feel bad about that.
80.4%
I don't think you do. If you did, I'd have a car.
77.5%
I've got it all!
76.2%
No, I didn't.
75.4%
And you're gonna need it.
74.7%
Steinbrenner's here. George is dead. Call me back.
74.5%
No, I mentioned the bisque.
73.2%
So you're tunneling to the center of the earth?
70.5%
That guy's coming home in a body bag.
68.4%
Well, what are you waiting for?!
66.1%
You sayin' you want a piece of me?
64.1%
Just drivin' around in Jon Voight's car...
62.7%
So what's your point?
58.1%
Or you.
50.8%
Oh, how disappointed you must have been.
49%

You're not logged in!

Compare scores with friends on all Sporcle quizzes.
OR
Log In

Sporcle TV

Today on Sporcle TV


Watch our educational content, quiz creation guides, and fun videos on Sporcle TV.

Show Comments

Extras

Top Quizzes Today


Score Distribution

Your Account Isn't Verified!

In order to create a playlist on Sporcle, you need to verify the email address you used during registration. Go to your Sporcle Settings to finish the process.

Report this User

Report this user for behavior that violates our Community Guidelines.

Details: